00629nam a2200193Ia 4500008004100000020001500041082001800056100002100074245004600095250000700141260004100148300003000189500001900219600002700238650001500265942000700280952013100287999001700418240925s9999 xx 000 0 und d a9971514176 a621.38173 UYE aUyemura, John P. 0aIntroduction to VLSI Circuits and Systems aNA aNew York:bJohn Wiley & Sonsc,2002. axxv,834p.bN.AfPhotocopy aIncludes Index aElectronic Engineering aTechnology cBK 001040708ELaUITUbUITUd2010-02-15eFair Book Centerg725.00l0o621.38173 UYEpQ8200r2024-09-25 07:14:52w2024-09-25yBK c10699d10699